000 00651nam a2200217Ia 4500
003 OSt
005 20220926043753.0
006 a|||||r|||| 00| 0
007 ta
008 220923b |||||||| |||| 00| 0 eng d
037 _cGeneral Book
040 _aRTL
_cRTL
_beng
041 _2eng
_aeng
082 _aY1z8MV4, J4
100 _aAndrzejewski Stanislaw
_9348204
245 0 _aMilitary organization of society
490 _aInternational Library of Sociology and Social Reconstruction. ed by W J H. Sprott
650 _aEssays Sociology
942 _hY1z8MV4, J4
_cGB
_2CC
999 _c673135
_d673135